| 000 | 01318nam a2200217Ia 4500 | ||
|---|---|---|---|
| 003 | Ost | ||
| 005 | 20260507074857.0 | ||
| 008 | 260507s9999||||xx |||||||||||||| ||und|| | ||
| 040 | _cfsecg | ||
| 041 | _aara | ||
| 082 | _a341.535 | ||
| 100 |
_aرفعت، احمد محمد _eمؤلف |
||
| 245 | 0 |
_aالقانون الدولي الإداري / _c احمد محمد رفعت |
|
| 260 |
_a[دون مكان]: _b[دون ناشر], _c[دون تاريخ] |
||
| 300 |
_a327 صفحة؛ _bإيضاحات ؛ _c24 سم |
||
| 520 | _aيضم النظرية العامة للمنظمات الدولية: تعريف المنظمات الدولية وأنواعها، العضوية في المنظمات الدولية، بنيان المنظمة الدولية، بعض الجوانب القانونية لنشاط المنظمة الدولية، العلاقات الخارجية للمنظمات الدولية، بعثات المراقبة الدائمة لدى المنظمات الدولية، العلاقة بين البعثات الدائمة لدى المنظمة الدولية ودولة المقر، علاقة المنظمة الدولية بدولة المقر | ||
| 653 | _aالادارة | ||
| 653 | _aالقانون الدولي | ||
| 653 | _aالقانون الدولي الإداري | ||
| 942 | _cكتاب | ||
| 999 |
_c41624 _d41624 |
||